|
|
|
|
| LEADER |
00706cam a2200181 7i4500 |
| 001 |
0000023734 |
| 005 |
20101014090000.0 |
| 008 |
080822 eng |
| 090 |
0 |
0 |
|a QC851
|b .M57 2008
|
| 100 |
0 |
|
|a Mohd Feroz Abd Manaf
|
| 245 |
1 |
4 |
|a The hydrological study of holding pond at Kampung Berembang, Ampang, Kuala Lumpur
|c Mohd Feroz bin Abd Manaf.
|
| 260 |
|
|
|a Bestari Jaya, Selangor:
|b UNISEL,
|c 2008.
|
| 300 |
|
|
|a x, 75 p.:
|b ill. (some col.);
|c 30 cm.
|
| 502 |
|
|
|a Thesis (Bachelor of Civil Engineering), UNISEL, 2008
|
| 610 |
2 |
|
|a Universiti Industri Selangor
|
| 650 |
0 |
0 |
|a Hydrology --
|z Kuala Lumpur
|
| 650 |
0 |
0 |
|a Water pollution
|
| 999 |
|
|
|a THE0000417
|b THESIS
|c THESIS
|e Thesis Room, Bestari Jaya
|